000
00351pam a2200157a 44500
008
230515b1980 xxu||||| |||| 00| 0 eng d
020
_a
NULL
041
_a
ENGL
082
_a
620.106/KHU
100
_a
KHURMI R
245
_a
A TEXT BOOK OF FLUID MECHANICS
250
_a
N.D.
260
_a
NULL
_b
S.CHA
_c
1980
300
_a
639 PB
650
_a
NULL
999
_c
615771
_d
615771